Four-Corner States Cities Quiz Stats

 Plays Quiz Updated Aug 23, 2021

Support Sporcle.
Go Orange.
Score 0/40 Timer 08:00
2 Plays Today
State City % Correct
ColoradoDenver
96.3%
UtahSalt Lake City
95.3%
ArizonaPhoenix
94.1%
New MexicoSanta Fe
77.6%
ColoradoColorado Springs
70.1%
New MexicoAlbuquerque
69.7%
ArizonaTucson
66.4%
UtahProvo
57.6%
ArizonaMesa
46.8%
ArizonaScottsdale
45.3%
ArizonaTempe
43.3%
ArizonaGlendale
39.9%
ColoradoAurora
39.4%
ColoradoFort Collins
32.6%
UtahOgden
29.9%
New MexicoLas Cruces
29.3%
ColoradoPueblo
28.2%
New MexicoRoswell
23.8%
ArizonaChandler
22.2%
UtahOrem
21.4%
State City % Correct
UtahSt. George
19.3%
ArizonaGilbert
17.8%
UtahWest Valley City
16.9%
ArizonaPeoria
15.8%
ColoradoLakewood
13.8%
UtahSandy
13.7%
ColoradoArvada
13.5%
UtahWest Jordan
13%
ArizonaSurprise
12%
New MexicoRio Rancho
11.9%
New MexicoFarmington
11.6%
ColoradoWestminster
10.6%
ColoradoGreeley
9.3%
ColoradoThornton
9.2%
New MexicoAlamogordo
8.1%
New MexicoClovis
7.2%
UtahLayton
6.6%
New MexicoCarlsbad
6.4%
New MexicoHobbs
6.3%
UtahSouth Jordan
3.9%

You're not logged in!

Compare scores with friends on all Sporcle quizzes.
OR
Log In
Forgot?

From the Vault

Obstruction Puzzle

by Katie_Wandering

Road work ahead? Well we sure hope so!
Remove Ads.
Support Sporcle.
Get the best of Sporcle when you Go Orange. This ad-free experience offers more features, more stats, and more fun while also helping to support Sporcle. Thank you for becoming a member.

Show Comments

Extras

Top Quizzes Today


Score Distribution

Your Account Isn't Verified!

In order to create a playlist on Sporcle, you need to verify the email address you used during registration. Go to your Sporcle Settings to finish the process.

Report this User

Report this user for behavior that violates our Community Guidelines.

Details: